Culture Générale - Série 2522 - Statistiques

Statistiques générales
  • Ce quiz a été pris 116 fois
  • Le résultat moyen est 4 sur 10
Statistiques - réponses
Question Réponse % Correct
Terme argotique qualifiant des femmes d'âge mûr ayant des relations avec des hommes plus jeunes qu'elles. cougar
91%
Dans quelle ville irez-vous pour visiter le musée du Prado ? Madrid
79%
Dans quel pays se trouve la ville de Tombouctou ? Mali
76%
Nom que l'on donne aux grandes fermes, exploitations d'Amérique du Sud. hacienda
48%
Félin (chat sauvage) qui vit en Amérique du Sud et en Amérique centrale - voir photo ocelot
41%
Association de malfaiteurs spécialisée dans les braquages et les effractions de banques qui opéra à Paris entre 1981 et 1986, appelée "le gang des .... postiches
26%
Calmar commun, aussi appelé selon les régions , chipiron - supion - tautène - calamar ou ..... encornet
16%
Pupitre sur lequel on met les livres de chant, à l'église lutrin
16%
Ce mot peut désigner : moquerie - vent risée
10%
Dans quel pays trouve-t-on exclusivement la chauve-souris appelée "renard volant ou roussette" ? Philippines
4%
Aucun quiz correspondant
Distribution des résultats
% des personnes avec chaque résultat
Percentile par nombre de réponses
Votre historique - résultats
Vous n’avez pas pris ce quiz